| 000 | 01081nam a2200313 4500 | ||
|---|---|---|---|
| 003 | OSt | ||
| 005 | 20260530115311.0 | ||
| 008 | 260504b1997 nyua|||| |||| 00| 0 eng d | ||
| 020 | _a2880463114 | ||
| 040 |
_aICI _bspa _cICI |
||
| 041 | _aeng | ||
| 050 | 4 |
_aNK2740 _bB93 |
|
| 100 | 1 |
_aByars, Mel, _eautor |
|
| 245 | 1 | 0 |
_a50 tables : _binnovations in design and materials / _cMel Byars ; introd. by Sylvain Dubuisson ; research by Cinzia Anguissola d'Altoe, Brice d'Antras ; drawings by Marvin Klein |
| 264 | 1 |
_bRotovision, _c1997 _aSwitzerland : |
|
| 300 |
_a159 páginas : _bilustraciones |
||
| 336 |
_atexto _2rdacontent |
||
| 337 |
_asin medio _2rdamedia |
||
| 338 |
_avolumen _2rdacarrier |
||
| 490 | 0 | _aPre design series | |
| 650 | 4 |
_aMesas _xDiseño _932775 |
|
| 650 | 4 |
_aMesas _xDiseño _932775 |
|
| 650 | 4 | _aDiseño de muebles | |
| 700 | 1 |
_aDubuisson, Sylvain, _eprologuista _932777 |
|
| 700 | 1 |
_aD'Altoe, Cinzia Anguissola, _ecolaborador _932778 |
|
| 700 | 1 |
_aD'Antras, Brice, _ecolaborador _932779 |
|
| 700 | 1 |
_aKlein, Marvin, _eilustrador _932780 |
|
| 942 |
_2lcc _cBK _n1 |
||
| 999 |
_c13341 _d13341 |
||